000 00593nam a2200193 u 4500
005 20240924071239.0
008 080730s2007 r 000 0 eng d
020 _a9789974804296
035 _aUPN01000158507
049 _aI
050 4 _aPZ71
_bM5.76
245 0 0 _aMitos y leyendas del mundo /
_cadapt. Alejandra Erbiti.
260 _aBuenos Aires :
_bCadiex internacional,
_cc2007.
300 _a62 p. :
_bprincipalmente il. col.
650 4 _aCuentos infantiles
_96744
650 4 _aLiteratura infantil
_94445
700 1 _aErbiti, Alejandra,
_d1963-
_eadapt.
_933263
905 _aInfantil
999 _c130621
_d130621